Cultural Integration Spanish-speaking Minorities in the United States of America

Bibliographic Details
Main Author: Király Anna Rózsa
Other Authors: Dobos Dr. Erzsébet
Format: Thesis
Kulcsszavak:Amerikai Egyesült Államok
Integráció
Kultúra
Kisebbség
Online Access:http://dolgozattar.uni-bge.hu/15523

MARC

LEADER 00000nta a2200000 i 4500
001 dolg15523
005 20221007095645.0
008 180504suuuu hu om 000 eng d
040 |a BGE Dolgozattár Repozitórium  |b hun 
041 |a en 
100 1 |a Király Anna Rózsa 
245 1 0 |a Cultural Integration  |b Spanish-speaking Minorities in the United States of America  |c Király Anna Rózsa  |h [elektronikus dokumentum] 
246 1 1 |a Kulturális integráció: Spanyol ajkú kisebbségek az amerikai Egyesült Államokban 
695 |a Amerikai Egyesült Államok 
695 |a Integráció 
695 |a Kultúra 
695 |a Kisebbség 
700 1 |a Dobos Dr. Erzsébet  |e ths 
856 4 0 |u http://dolgozattar.uni-bge.hu/15523/1/AnnaKir%C3%A1ly_Thesis.pdf  |z Dokumentum-elérés